O comboio que perdeu uma roda (Registo nº 4332)

Detalhes MARC
000 -Etiqueta do registo
Cabeçalho 00733nam0a2200241 4500
005 - Identificador da versão
Campo de controlo 20240813122058.0
100 ## - Dados gerais de processamento
Dados gerais de processamento 20161111d1972 c y0pory5003 ba
102 ## - Pais de publicação ou produção
País de publicação Portugal
101 1# - Língua de publicação
Língua do texto, banda sonora, etc. Português
Língua do documento no original Espanhol
215 ## - Descrição física 
Indicação específica da natureza do documento e extensão da espécie [18] p.
Outras indicações físicas il
200 1# - Titulo e menção de responsabilidade
Título próprio O comboio que perdeu uma roda
Primeira menção de responsabilidade Concepción Roca
Outras menções de responsabilidade il. Aurora Altisent
-- trad. Augusto Gestosa
225 1# - Colecção 
Título próprio da colecção Novos horizontes
210 ## - Publicação, Distribuição, etc. 
Lugar da edição, distribuição, etc. Lisboa
Nome do editor, distribuidor, etc. Plátano Ed.
Data da publicação, distribuição, etc. [1972]
606 ## - Nome comum usado como assunto
Número de registo de entrada de autoridade 0001466
Palavra de ordem Literatura espanhola
Subdivisão de assunto Conto
Código do sistema CA
675 ## - Classificação Decimal Universal (CDU)
Notação 821.134.2-34
Edição 3ª ed.
Língua da edição por
702 #1 - Nome de autor-pessoa física (responsabilidade secundária)
Número de registo de entrada de autoridade 0001467
Palavra de ordem Altisent
Outra parte do nome não tomada para palavra de ordem Aurora
Código de função Ilustrador / Técnico de desenho computorizado
Número de registo de entrada de autoridade 0001468
Palavra de ordem Gestosa
Outra parte do nome não tomada para palavra de ordem Augusto
Código de função Tradutor
700 #1 - Nome de autor-pessoa física (responsabilidade principal)
Número de registo de entrada de autoridade 0001116
Palavra de ordem Roca
Outra parte do nome não tomada para palavra de ordem Concepción
966 ## - Identificação da Biblioteca
Sigla EBVEN
942 ## - Elementos de entrada adicionados (Koha)
Tipo de item no Koha Livro
Exemplares
Situação do levantamento Origin of item (home branch) (coded) Biblioteca de empréstimo Código de barras Cota Circulation type (not for loan) Tipo de documento Nota do exemplar Damaged status
  Biblioteca Escolar das Vendas Biblioteca Escolar das Vendas BEV2 8EST ROC   Livro Sem mensagem